[Event "III Weekend B"]
[Site "Lesa ITA"]
[Date "2014.09.20"]
[Round "2"]
[White "Stephan, Kenzo"]
[Black "Brioschi, Camillo"]
[WhiteElo "1571"]
[BlackElo "1783"]
[Result "1/2-1/2"]
[PlyCount "119"]
[EventDate "2014.09.19"]

1. e4 e5 2. Nf3 Nc6 3. d4 exd4 4. Nxd4 Bc5 5. Nb3 Bb6 6. Nc3 Qf6 7. Qe2 Nge7 8.
Be3 d6 9. Bxb6 axb6 10. Nb5 Kd8 11. Nc3 Be6 12. Rd1 Re8 13. g3 Bxb3 14. axb3
Nd4 15. Qd3 Nf3+ 16. Ke2 Ne5 17. Qe3 g5 18. Bg2 Ng4 19. Qf3 Qxf3+ 20. Bxf3 Ne5
21. Bg2 g4 22. Nd5 Nxd5 23. Rxd5 Ra2 24. Rb1 Ke7 25. f4 gxf3+ 26. Bxf3 Rea8 27.
c3 Ra1 28. Rxa1 Rxa1 29. Ke3 Re1+ 30. Kf2 Rc1 31. Rd2 Ke6 32. Bg2 Ng4+ 33. Ke2
c6 34. Bh3 h5 35. Kf3 Re1 36. Bxg4+ hxg4+ 37. Kxg4 Rxe4+ 38. Kf3 d5 39. Re2
Rxe2 40. Kxe2 Kf5 41. h4 Kg4 42. Ke3 c5 43. b4 f6 44. Kd3 Kh5 45. b3 f5 46. Ke3
Kg4 47. b5 f4+ 48. gxf4 Kxh4 49. b4 Kg4 50. bxc5 bxc5 51. b6 Kf5 52. Kf3 d4 53.
c4 d3 54. Ke3 d2 55. Kxd2 Kxf4 56. Kd3 Ke5 57. Ke3 Kd6 58. Ke4 Kc6 59. Ke5 Kxb6
60. Kd5 1/2-1/2

[Event "III Weekend B"]
[Site "Lesa ITA"]
[Date "2014.09.20"]
[Round "2"]
[White "Stephan, Sandro"]
[Black "Megret, Jean"]
[WhiteElo "1407"]
[BlackElo "1722"]
[Result "1-0"]
[PlyCount "97"]
[EventDate "2014.09.19"]

1. e4 c5 2. d4 cxd4 3. c3 dxc3 4. Nxc3 Nc6 5. Nf3 d6 6. Bc4 Nf6 7. O-O e6 8.
Bg5 Be7 9. Qe2 O-O 10. Rad1 Qb6 11. Bxf6 Bxf6 12. Rxd6 Qb4 13. Rd2 Bxc3 14.
bxc3 Qxc3 15. Rfd1 Qf6 16. e5 Qe7 17. Ne1 Qc7 18. f4 a6 19. Nf3 b5 20. Bb3 Bb7
21. Rd7 Qb6+ 22. Kh1 Rfd8 23. Ng5 Rxd7 24. Rxd7 Nd8 25. Qh5 Bxg2+ 26. Kxg2 Qc6+
27. Bd5 Qxd7 28. Qxh7+ Kf8 29. Bxa8 Qd2+ 30. Kh3 Qe3+ 31. Bf3 Qxf4 32. Qh8+ Ke7
33. Qxg7 Qf5+ 34. Kg3 Kd7 35. Qf6 Qb1 36. Nxf7 Qg1+ 37. Kh3 Qf1+ 38. Kg3 Qg1+
39. Kf4 Qxh2+ 40. Kg5 Qg3+ 41. Kh6 Qh3+ 42. Kg7 Nxf7 43. Qxf7+ Kd8 44. Qf8+ Kd7
45. Qd6+ Kc8 46. Qxa6+ Kd8 47. Qb6+ Kc8 48. Bb7+ Kd7 49. Bc6+ 1-0

[Event "III Weekend B"]
[Site "Lesa ITA"]
[Date "2014.09.20"]
[Round "2"]
[White "Tinelli, Fulvio"]
[Black "Benazzo, Angelo"]
[WhiteElo "1775"]
[BlackElo "1676"]
[Result "1-0"]
[PlyCount "55"]
[EventDate "2014.09.19"]

1. d4 Nf6 2. Nf3 g6 3. Bg5 Bg7 4. Nbd2 d5 5. e3 O-O 6. Bd3 Nbd7 7. O-O c5 8. c3
h6 9. Bh4 Re8 10. h3 b6 11. Qe2 Bb7 12. Rad1 c4 13. Bc2 b5 14. Ne5 Nxe5 15.
dxe5 Nd7 16. e6 Nf8 17. exf7+ Kxf7 18. Nf3 Qb6 19. e4 dxe4 20. Bxe4 Bf6 21. Bg3
Qe6 22. Ne5+ Bxe5 23. Bxb7 Qb6 24. Bxa8 Bxg3 25. Qf3+ Kg7 26. Qxg3 Rxa8 27.
Qe5+ Kf7 28. Qd5+ 1-0

[Event "III Weekend B"]
[Site "Lesa ITA"]
[Date "2014.09.20"]
[Round "2"]
[White "Trisconi, Alessio"]
[Black "Pivari, Flavio"]
[WhiteElo "1715"]
[BlackElo "1433"]
[Result "0-1"]
[PlyCount "87"]
[EventDate "2014.09.19"]

1. c4 Nf6 2. Nc3 g6 3. g3 Bg7 4. Bg2 O-O 5. d4 c6 6. e4 d5 7. cxd5 cxd5 8. e5
Ne8 9. Nxd5 Nc6 10. Ne2 Bg4 11. Ndc3 Nc7 12. O-O Rb8 13. h3 Bxe2 14. Nxe2 e6
15. Be3 Nd5 16. Rc1 Nce7 17. Nc3 Nxc3 18. bxc3 Nd5 19. Bxd5 exd5 20. c4 b6 21.
cxd5 Qxd5 22. Qb3 Qd7 23. Rc3 Qxh3 24. Rc7 a5 25. Rfc1 h5 26. Bf4 h4 27. d5 g5
28. Bxg5 Bxe5 29. Bxh4 Bxc7 30. Rxc7 Rfe8 31. Qd1 Re5 32. f4 Re3 33. d6 Rbe8
34. Re7 Rxg3+ 35. Bxg3 Qxg3+ 36. Kf1 Qxf4+ 37. Ke1 Qh4+ 38. Kd2 Rxe7 39. Qg1+
Kf8 40. dxe7+ Kxe7 41. Qe3+ Kd7 42. Qxb6 Qh2+ 43. Kd3 Qd6+ 44. Qd4 0-1

[Event "III Weekend B"]
[Site "Lesa ITA"]
[Date "2014.09.20"]
[Round "3"]
[White "Alessandro, Sergio"]
[Black "Pivari, Flavio"]
[WhiteElo "1664"]
[BlackElo "1433"]
[Result "1-0"]
[PlyCount "105"]
[EventDate "2014.09.19"]

1. b4 e5 2. Bb2 d6 3. c4 Be6 4. e3 Ne7 5. Nf3 Ng6 6. Be2 Be7 7. O-O O-O 8. Qc2
Nd7 9. Ne1 Rc8 10. d4 exd4 11. exd4 d5 12. c5 c6 13. Bd3 Nf6 14. Nc3 Qc7 15.
Nf3 Nf4 16. Ng5 Nxd3 17. Nxe6 fxe6 18. Qxd3 Ng4 19. f4 Rxf4 20. g3 Rxf1+ 21.
Rxf1 Bg5 22. Nd1 Nf6 23. Nf2 Rf8 24. Qe2 Qe7 25. Bc1 Bxc1 26. Rxc1 h5 27. Re1
Ne4 28. Nxe4 dxe4 29. Qxe4 Rf6 30. Rd1 Kh8 31. d5 cxd5 32. Rxd5 g6 33. Rd6 Qf7
34. Qd3 Qg7 35. Qb5 Rf8 36. Qe2 e5 37. Qe4 Rf5 38. Rd8+ Kh7 39. Qd5 Kh6 40.
Qd2+ Kh7 41. Kg2 e4 42. Rd7 Rf7 43. Rd6 Qa1 44. Qe2 e3 45. Qd3 Rf2+ 46. Kh3
Qf1+ 47. Qxf1 Rxf1 48. Re6 Rf3 49. Kg2 Rf2+ 50. Kg1 Rxa2 51. Rxe3 Rb2 52. Re7+
Kh6 53. Rxb7 1-0

[Event "III Weekend B"]
[Site "Lesa ITA"]
[Date "2014.09.20"]
[Round "3"]
[White "Brioschi, Camillo"]
[Black "Adda, Roberto"]
[WhiteElo "1783"]
[BlackElo "1671"]
[Result "1/2-1/2"]
[PlyCount "68"]
[EventDate "2014.09.19"]

1. d4 d5 2. c4 e6 3. Nc3 Nf6 4. cxd5 exd5 5. Bg5 Be7 6. e3 O-O 7. Qc2 c6 8. Bd3
Nbd7 9. Nf3 Re8 10. O-O Nf8 11. h3 Ng6 12. a3 Be6 13. Nh4 Nxh4 14. Bxh4 h6 15.
Bg3 Rc8 16. b4 Qd7 17. Na4 b6 18. Rfc1 Bd6 19. Bxd6 Qxd6 20. Nc3 Bd7 21. Qe2
Qe7 22. Qf3 Ne4 23. Ba6 Rb8 24. Bd3 Nd2 25. Qd1 Ne4 26. Nxe4 dxe4 27. Bc4 Qg5
28. Kf1 Be6 29. Be2 Bd5 30. Rc3 Re6 31. g3 Rf6 32. Kg2 Qf5 33. Qe1 h5 34. Rac1
Rc8 1/2-1/2

[Event "III Weekend B"]
[Site "Lesa ITA"]
[Date "2014.09.20"]
[Round "3"]
[White "Cavagna, Marco"]
[Black "Gherghel-butan, Maria"]
[WhiteElo "1520"]
[BlackElo "1588"]
[Result "0-1"]
[PlyCount "88"]
[EventDate "2014.09.19"]

1. d4 d5 2. Nf3 Nf6 3. e3 Bf5 4. c4 c6 5. Nc3 e6 6. Be2 Nbd7 7. O-O Bd6 8. c5
Bc7 9. h3 O-O 10. b4 e5 11. Bb2 e4 12. Nd2 Bb8 13. f4 h6 14. Qe1 Bc7 15. a4 b6
16. Ba3 Re8 17. b5 Nb8 18. bxc6 Nxc6 19. Bb5 Bd7 20. Rc1 Ne7 21. Ne2 Bxb5 22.
axb5 a6 23. Nc3 a5 24. Na4 Rb8 25. Qe2 Nf5 26. Qf2 bxc5 27. g4 Ne7 28. b6 Bxb6
29. dxc5 Ba7 30. Rb1 Rxb1 31. Rxb1 Qc7 32. Qf1 Rb8 33. Nb3 Nc6 34. Qd1 g5 35.
Qf1 gxf4 36. Qxf4 Qxf4 37. exf4 Nd7 38. Nd2 Rxb1+ 39. Nxb1 d4 40. Nd2 e3 41.
Nc4 e2 42. Kf2 d3 43. Nd2 Bb8 44. f5 Bg3+ 0-1

[Event "III Weekend B"]
[Site "Lesa ITA"]
[Date "2014.09.20"]
[Round "3"]
[White "Floris, Marco"]
[Black "Recanatini, Italo"]
[WhiteElo "1561"]
[BlackElo "1795"]
[Result "0-1"]
[PlyCount "91"]
[EventDate "2014.09.19"]

1. e4 d5 2. exd5 Qxd5 3. Nc3 Qa5 4. d4 c6 5. Bd2 Qc7 6. Nf3 Bg4 7. h3 Bxf3 8.
Qxf3 e6 9. Na4 Nf6 10. Bf4 Qa5+ 11. Nc3 Nd5 12. Bd2 Bb4 13. Bc4 Bxc3 14. Bxc3
Nxc3 15. bxc3 Nd7 16. O-O O-O 17. Rfe1 Rac8 18. Bb3 b5 19. c4 bxc4 20. Bxc4 c5
21. dxc5 Qxc5 22. Bb3 Nf6 23. Qe3 Rfd8 24. Qxc5 Rxc5 25. Rad1 Rxd1 26. Rxd1 Kf8
27. f3 Ke7 28. Rd4 a5 29. Kf2 Nd5 30. Rc4 Kd6 31. Rxc5 Kxc5 32. Bxd5 exd5 33.
Ke2 Kc4 34. Kd2 d4 35. a3 h5 36. g3 g5 37. h4 gxh4 38. gxh4 f5 39. f4 a4 40.
Kc1 Kc3 41. Kb1 Kd2 42. Kb2 Ke3 43. Kc1 Kxf4 44. Kd2 Kg3 45. c4 dxc3+ 46. Kxc3
0-1

[Event "III Weekend B"]
[Site "Lesa ITA"]
[Date "2014.09.20"]
[Round "3"]
[White "Fragni, Enrico"]
[Black "Trisconi, Alessio"]
[WhiteElo "1580"]
[BlackElo "1715"]
[Result "1-0"]
[PlyCount "67"]
[EventDate "2014.09.19"]

1. c4 Nf6 2. Nc3 e6 3. e4 d5 4. e5 Nfd7 5. d4 c6 6. Nf3 dxc4 7. Bxc4 Nb6 8. Bb3
N8d7 9. Be3 Be7 10. O-O O-O 11. Qd2 Re8 12. Ng5 Nf8 13. f4 h6 14. Nge4 Nd5 15.
a3 Qb6 16. Bd1 Bd7 17. Rf3 Nxe3 18. Rxe3 Red8 19. Kh1 Be8 20. Rd3 Rd7 21. Na4
Qc7 22. Nac5 Rdd8 23. Bg4 b6 24. Nb3 Rd7 25. Rd1 Rad8 26. Qe3 a5 27. f5 exf5
28. Bxf5 Rd5 29. Nc3 Bg5 30. Nxd5 cxd5 31. Qf2 Bb5 32. Rc3 Qb8 33. h4 Be7 34.
Rdc1 1-0

[Event "III Weekend B"]
[Site "Lesa ITA"]
[Date "2014.09.20"]
[Round "3"]
[White "Frignani, Alessandro"]
[Black "Giovarruscio, Gabriele"]
[WhiteElo "1467"]
[BlackElo "1653"]
[Result "0-1"]
[PlyCount "69"]
[EventDate "2014.09.19"]

1. e4 d5 2. e5 c5 3. f4 Nc6 4. Nf3 Bg4 5. h3 Bxf3 6. Qxf3 e6 7. Bb5 Rc8 8. Qb3
Qc7 9. Na3 a6 10. Bxc6+ Qxc6 11. c4 d4 12. Qf3 Be7 13. Qxc6+ Rxc6 14. g3 h5 15.
h4 Nh6 16. Kf2 Nf5 17. d3 Rc8 18. Bd2 Kd7 19. Rab1 f6 20. Nc2 fxe5 21. fxe5
Rhf8 22. Bf4 b5 23. b3 b4 24. Kg2 a5 25. a4 Rf7 26. Rbf1 Rcf8 27. Rf3 Nxh4+ 28.
gxh4 Rxf4 29. Rxf4 Rxf4 30. Ne1 Rxh4 31. Rxh4 Bxh4 32. Nf3 Bd8 33. Nd2 Bc7 34.
Nf1 Bxe5 35. Kh3 0-1

[Event "III Weekend B"]
[Site "Lesa ITA"]
[Date "2014.09.20"]
[Round "3"]
[White "Grudina, Marco"]
[Black "Stephan, Kenzo"]
[WhiteElo "1775"]
[BlackElo "1571"]
[Result "1-0"]
[PlyCount "125"]
[EventDate "2014.09.19"]

1. e4 e6 2. d4 d5 3. Nc3 Bb4 4. e5 Ne7 5. Qg4 Kf8 6. Bd3 c5 7. a3 Bxc3+ 8. bxc3
Nbc6 9. Nf3 Qa5 10. Bd2 Qb6 11. O-O Ng6 12. Bxg6 hxg6 13. Rfb1 Qc7 14. Re1 b6
15. Re3 Ba6 16. Ng5 Nd8 17. Rh3 Rg8 18. Re1 cxd4 19. cxd4 Qxc2 20. Bb4+ Ke8 21.
Rc3 Qf5 22. Qxf5 exf5 23. Rc7 Nb7 24. Re7+ Kd8 25. Nxf7+ Kc8 26. Rc1+ Bc4 27.
Nd6+ Nxd6 28. exd6 a5 29. Bd2 Rd8 30. Rc7+ Kb8 31. Rxg7 Ra7 32. Rxg6 Rad7 33.
Rf6 Ka7 34. Bf4 Bd3 35. Rc7+ Rxc7 36. dxc7 Rc8 37. h4 b5 38. Bd6 b4 39. axb4
axb4 40. Bxb4 Rxc7 41. Bc5+ Kb7 42. Re6 Be4 43. Re7 Rxe7 44. Bxe7 f4 45. Bd6 f3
46. g4 Kc6 47. Be5 Kd7 48. h5 Ke7 49. Kh2 Kf7 50. Kg3 Kg8 51. Kf4 Kh7 52. Kg5
Bd3 53. Kf6 Ba6 54. Kf7 Bc8 55. g5 Bg4 56. g6+ Kh6 57. g7 Bxh5+ 58. Kf8 Be8 59.
Kxe8 Kh7 60. Kf8 Kh6 61. g8=Q Kh5 62. Bf4 Kh4 63. Qg3+ 1-0

[Event "III Weekend B"]
[Site "Lesa ITA"]
[Date "2014.09.20"]
[Round "3"]
[White "Maffeo, Mauro"]
[Black "Gherghel-butan, Mircea"]
[WhiteElo "1710"]
[BlackElo "1589"]
[Result "0-1"]
[PlyCount "79"]
[EventDate "2014.09.19"]

1. d4 d5 2. e3 Nf6 3. f4 Bg4 4. Nf3 Ne4 5. Bd3 e6 6. O-O Be7 7. Nbd2 f5 8. Qe1
Nd7 9. Ne5 Nxe5 10. fxe5 O-O 11. Nf3 c6 12. c4 Rc8 13. c5 b6 14. b4 bxc5 15.
dxc5 Bxf3 16. Rxf3 Rb8 17. a3 h6 18. Bxe4 fxe4 19. Rh3 Bg5 20. Qe2 Qc7 21. Bb2
Rf5 22. Rf1 Rbf8 23. Rxf5 Rxf5 24. g4 Rf7 25. Bd4 Qe7 26. b5 Bh4 27. bxc6 Rf2
28. Qd1 Ra2 29. c7 Bf2+ 30. Kh1 Qxc7 31. Qb3 Qa5 32. Bc3 Qxa3 33. Qxa3 Rxa3 34.
Bd4 Ra2 35. Rh5 Re2 36. Rh3 h5 37. Bc3 Rxe3 38. Rxe3 Bxe3 39. c6 Bb6 40. Bb4
0-1

[Event "III Weekend B"]
[Site "Lesa ITA"]
[Date "2014.09.20"]
[Round "3"]
[White "Megret, Jean"]
[Black "Zahner, Rolf"]
[WhiteElo "1722"]
[BlackElo "1625"]
[Result "0-1"]
[PlyCount "112"]
[EventDate "2014.09.19"]

1. e4 c5 2. Nf3 d6 3. d4 cxd4 4. Nxd4 Nf6 5. Nc3 a6 6. Be3 b5 7. f3 Bb7 8. Qd2
Nc6 9. O-O-O Rc8 10. Bd3 b4 11. Nce2 Qa5 12. Kb1 Ne5 13. g4 Nxd3 14. Qxd3 e6
15. g5 Nd7 16. Nb3 Qc7 17. f4 a5 18. Rc1 d5 19. exd5 Bxd5 20. Rhd1 a4 21. Nbd4
Bc4 22. Nb5 Qb7 23. Nd6+ Bxd6 24. Qxd6 Bxe2 25. Rd2 Bf3 26. Qd4 Rg8 27. h4 Bd5
28. Rd3 Rc4 29. Qa7 Qxa7 30. Bxa7 Rxf4 31. h5 Ke7 32. Rcd1 Rc8 33. Bd4 f6 34.
gxf6+ Nxf6 35. Bxf6+ Rxf6 36. Rd4 Rc4 37. b3 axb3 38. axb3 Rxd4 39. Rxd4 Rf5
40. Rxb4 Rxh5 41. c4 Bc6 42. Rb6 Kd6 43. b4 Kc7 44. c5 Rh4 45. Kc2 g5 46. Kd2
g4 47. b5 Bd5 48. Ra6 g3 49. Ra7+ Kb8 50. Rg7 g2 51. Rg8+ Kc7 52. Rg7+ Kd8 53.
Rg8+ Ke7 54. Ke2 Kf7 55. Rg5 Rh1 56. Kf2 Rf1+ 0-1

[Event "III Weekend B"]
[Site "Lesa ITA"]
[Date "2014.09.20"]
[Round "3"]
[White "Nai, Giovanni"]
[Black "Benazzo, Angelo"]
[WhiteElo "1831"]
[BlackElo "1676"]
[Result "1-0"]
[PlyCount "73"]
[EventDate "2014.09.19"]

1. e4 g6 2. d4 Bg7 3. Nc3 d6 4. Be3 Nd7 5. Be2 e6 6. Qd2 h6 7. f4 Ne7 8. O-O-O
a6 9. Bf3 Rb8 10. g4 b5 11. h4 Bb7 12. e5 d5 13. h5 Nf8 14. Nge2 Qd7 15. Ng3 b4
16. Nce2 Qa4 17. Kb1 Bc8 18. hxg6 fxg6 19. f5 gxf5 20. gxf5 exf5 21. Bxh6 Rxh6
22. Rxh6 Bxh6 23. Qxh6 Rb6 24. Bh5+ Nfg6 25. Nf4 Qc6 26. e6 Bxe6 27. Bxg6+ Nxg6
28. Qxg6+ Bf7 29. Re1+ Kf8 30. Qxc6 Rxc6 31. Nxf5 Rf6 32. Re5 c6 33. c3 a5 34.
Kc2 Bg8 35. Nh5 Rg6 36. Ne7 Re6 37. Nxg8 1-0

[Event "III Weekend B"]
[Site "Lesa ITA"]
[Date "2014.09.20"]
[Round "3"]
[White "Nipote, Mario"]
[Black "Modaffari, Giuseppe"]
[WhiteElo "1537"]
[BlackElo "1600"]
[Result "1-0"]
[PlyCount "113"]
[EventDate "2014.09.19"]

1. Nf3 Nf6 2. d4 g6 3. c4 Bg7 4. e3 O-O 5. Nc3 b6 6. b3 Bb7 7. Bb2 d6 8. Rc1
Nbd7 9. g3 Ne4 10. Bg2 e6 11. O-O Ng5 12. Nb5 a6 13. Nc3 Nf6 14. Nxg5 Bxg2 15.
Kxg2 d5 16. Nf3 Ng4 17. cxd5 exd5 18. h3 Nh6 19. Qc2 Re8 20. e4 dxe4 21. Nxe4
Nf5 22. Rfd1 Qd5 23. Re1 Bxd4 24. Rcd1 c5 25. Bxd4 Nxd4 26. Qd3 Qc6 27. Nxd4
cxd4 28. Qf3 f5 29. Ng5 Qd7 30. Rxe8+ Rxe8 31. Qd3 Qb7+ 32. Kh2 f4 33. Qc4+ Kg7
34. Qxd4+ Kg8 35. Qd5+ Qxd5 36. Rxd5 fxg3+ 37. Kxg3 h6 38. Nf3 Re6 39. h4 Kg7
40. Re5 Kf7 41. Rxe6 Kxe6 42. Kf4 Kd5 43. Ne5 g5+ 44. hxg5 hxg5+ 45. Kf5 a5 46.
Nf3 b5 47. Kxg5 a4 48. Nd2 Ke5 49. f4+ Kd4 50. f5 Kd3 51. f6 Kxd2 52. bxa4 bxa4
53. f7 Kc2 54. f8=Q Kb2 55. Qb4+ Kxa2 56. Qxa4+ Kb1 57. Kf4 1-0

[Event "III Weekend B"]
[Site "Lesa ITA"]
[Date "2014.09.20"]
[Round "3"]
[White "Rigotti, Gianluigi"]
[Black "Borghi, Dario"]
[WhiteElo "1582"]
[BlackElo "1779"]
[Result "0-1"]
[PlyCount "62"]
[EventDate "2014.09.19"]

1. e4 e5 2. Nf3 Nc6 3. Bb5 a6 4. Ba4 Nf6 5. O-O b5 6. Bb3 Bc5 7. c3 O-O 8. Bc2
d6 9. d4 Ba7 10. d5 Ne7 11. Bg5 Ng6 12. a4 h6 13. Bd2 Bg4 14. axb5 axb5 15. Na3
Nh4 16. Nxb5 Nxf3+ 17. gxf3 Bh3 18. Rxa7 Rxa7 19. Nxa7 Nh5 20. Nc6 Qf6 21. Kh1
Bxf1 22. Qxf1 Qxf3+ 23. Qg2 Qe2 24. Bxh6 Ra8 25. h3 Ra1+ 26. Kh2 Rf1 27. Be3
Nf4 28. Qg3 Qe1 29. Ne7+ Kf8 30. Qf3 Kxe7 31. Bd3 Nxd3 0-1

[Event "III Weekend B"]
[Site "Lesa ITA"]
[Date "2014.09.20"]
[Round "3"]
[White "Rossi, Emanuele"]
[Black "Pedoni, Lorenzo"]
[WhiteElo "1579"]
[BlackElo "1702"]
[Result "1-0"]
[PlyCount "65"]
[EventDate "2014.09.19"]

1. e4 c5 2. Nf3 Nc6 3. Nc3 Nf6 4. Bc4 e6 5. O-O d5 6. exd5 exd5 7. Re1+ Be7 8.
Bb5 O-O 9. Bxc6 bxc6 10. Ne5 Bd6 11. d4 Qc7 12. Bf4 Rb8 13. dxc5 Bxc5 14. Nd3
Bd6 15. Bxd6 Qxd6 16. Ne5 Rxb2 17. Nc4 Qc5 18. Nxb2 Qxc3 19. Na4 Qc4 20. c3 Bd7
21. Qd4 Qxd4 22. cxd4 Bf5 23. Re5 Bd3 24. Nc5 Bc4 25. a4 Rb8 26. Rae1 a6 27.
Re7 h6 28. Rc7 Rb6 29. h3 Ne4 30. Nd7 Rb4 31. Rxc6 Rxa4 32. Nb6 Bb5 33. Rc8+
1-0

[Event "III Weekend B"]
[Site "Lesa ITA"]
[Date "2014.09.20"]
[Round "3"]
[White "Tinelli, Fulvio"]
[Black "Stephan, Sandro"]
[WhiteElo "1775"]
[BlackElo "1407"]
[Result "1-0"]
[PlyCount "43"]
[EventDate "2014.09.19"]

1. d4 d5 2. Nf3 Nf6 3. Bg5 e6 4. Nbd2 c5 5. e3 a6 6. c3 Nc6 7. Bd3 Be7 8. O-O
O-O 9. Qe2 b5 10. dxc5 Bxc5 11. e4 Be7 12. Rad1 Bb7 13. e5 Nd7 14. Bf4 Rc8 15.
Nb3 Bc5 16. Bxh7+ Kxh7 17. Ng5+ Kg6 18. Nxc5 Nxc5 19. Qg4 f5 20. exf6 Kxf6 21.
b4 Nd7 22. Qxe6# 1-0

[Event "III Weekend B"]
[Site "Lesa ITA"]
[Date "2014.09.21"]
[Round "4"]
[White "Adda, Roberto"]
[Black "Tinelli, Fulvio"]
[WhiteElo "1671"]
[BlackElo "1775"]
[Result "0-1"]
[PlyCount "94"]
[EventDate "2014.09.19"]

1. e4 e6 2. d4 d5 3. exd5 exd5 4. Nf3 Bd6 5. Bd3 Nf6 6. O-O O-O 7. Bg5 Bg4 8.
c3 Bh5 9. Nbd2 Nbd7 10. Qc2 Bg6 11. Rfe1 c6 12. Re2 Qc7 13. Rae1 Rae8 14. Rxe8
Rxe8 15. Rxe8+ Nxe8 16. Bxg6 hxg6 17. Qd3 Nef6 18. h3 Qb8 19. Qe3 Qe8 20. Qxe8+
Nxe8 21. Bh4 Nef6 22. Bg3 Bxg3 23. fxg3 Kf8 24. Kf2 Ke7 25. g4 Ne4+ 26. Nxe4
dxe4 27. Nh4 Kf6 28. Ke3 Kg5 29. g3 f5 30. gxf5 gxf5 31. Ng2 Nf6 32. c4 Ne8 33.
Nf4 Kf6 34. Nh5+ Ke6 35. Nf4+ Kf7 36. g4 g6 37. gxf5 gxf5 38. d5 cxd5 39. cxd5
Kf6 40. h4 Ke5 41. h5 Nf6 42. b3 Ng4+ 43. Ke2 Nh6 44. b4 b5 45. Kf2 Kxf4 46. d6
Kg5 47. d7 Nf7 0-1

[Event "III Weekend B"]
[Site "Lesa ITA"]
[Date "2014.09.21"]
[Round "4"]
[White "Benazzo, Angelo"]
[Black "Fragni, Enrico"]
[WhiteElo "1676"]
[BlackElo "1580"]
[Result "1-0"]
[PlyCount "109"]
[EventDate "2014.09.19"]

1. Nf3 d6 2. g3 b6 3. Bg2 Bb7 4. O-O Nd7 5. d3 Ngf6 6. Nc3 e5 7. Re1 Be7 8. Bd2
O-O 9. Nxe5 Bxg2 10. Nxd7 Qxd7 11. Kxg2 Rfe8 12. e4 Bf8 13. Bg5 Ng4 14. Nd5 Ne5
15. h3 c6 16. Ne3 f6 17. Bf4 Ng6 18. Qf3 Rad8 19. Nf5 d5 20. Ne3 Nxf4+ 21. Qxf4
Bd6 22. Qg4 dxe4 23. dxe4 Be5 24. Nc4 Qxg4 25. hxg4 Bc7 26. Re2 b5 27. Nd2 Re7
28. Rae1 h6 29. f4 g5 30. Kf3 a5 31. Nf1 Kg7 32. Ne3 Kg6 33. Rh1 Rh7 34. c4 Bb6
35. cxb5 Bxe3 36. Kxe3 cxb5 37. f5+ Kg7 38. Rd2 Rb8 39. Rhd1 Kf8 40. Rd8+ Rxd8
41. Rxd8+ Ke7 42. Rd5 h5 43. Rxb5 Kd6 44. gxh5 Rxh5 45. Kf3 Rh2 46. Rxa5 Rxb2
47. Ra6+ Ke7 48. Ra4 Rb6 49. Kg4 Kd6 50. Ra8 Rb4 51. Re8 Ra4 52. Re6+ Kd7 53.
Kh5 Rxa2 54. Rxf6 Ke7 55. Kxg5 1-0

[Event "III Weekend B"]
[Site "Lesa ITA"]
[Date "2014.09.21"]
[Round "4"]
[White "Biava, Pierluigi"]
[Black "Trisconi, Alessio"]
[WhiteElo "1635"]
[BlackElo "1715"]
[Result "1-0"]
[PlyCount "73"]
[EventDate "2014.09.19"]

1. e4 c6 2. c4 d5 3. cxd5 cxd5 4. Nc3 d4 5. Qa4+ Nc6 6. Nb5 e5 7. Nf3 f6 8. Bc4
Bd7 9. Bxg8 Rxg8 10. Qb3 Rh8 11. d3 Qb6 12. Na3 Qxb3 13. axb3 Na5 14. Nd2 Bb4
15. Nac4 Nxb3 16. Rb1 Bb5 17. Ke2 Nxc1+ 18. Rhxc1 Bxd2 19. Kxd2 Kd7 20. Na3 Ba6
21. b4 b5 22. Rc5 Rhc8 23. Rbc1 Rxc5 24. Rxc5 Rc8 25. Rd5+ Kc6 26. g3 Rc7 27.
f4 exf4 28. gxf4 g6 29. Nc2 Rd7 30. Nxd4+ Kc7 31. Ne6+ Kc6 32. Rxd7 Kxd7 33.
Nc5+ Kc6 34. Nxa6 Kb6 35. Nc5 a5 36. Nd7+ Kc6 37. Nxf6 1-0

[Event "III Weekend B"]
[Site "Lesa ITA"]
[Date "2014.09.21"]
[Round "4"]
[White "Borghi, Dario"]
[Black "Alessandro, Sergio"]
[WhiteElo "1779"]
[BlackElo "1664"]
[Result "1-0"]
[PlyCount "99"]
[EventDate "2014.09.19"]

1. c4 c5 2. Nc3 b6 3. Nf3 Bb7 4. g3 Nf6 5. Bg2 g6 6. O-O Bg7 7. e3 O-O 8. a3
Na6 9. Qc2 d5 10. d3 Re8 11. Ne2 e5 12. cxd5 Bxd5 13. Nc3 Bb7 14. Rd1 Nc7 15.
d4 cxd4 16. exd4 exd4 17. Nxd4 Qc8 18. Bxb7 Qxb7 19. Ndb5 Nxb5 20. Nxb5 Rac8
21. Nd6 Rxc2 22. Nxb7 Ree2 23. Rd8+ Ne8 24. Nd6 Kf8 25. Be3 Ke7 26. Rxe8+ Kxd6
27. Rd1+ Kc6 28. b3 Bh6 29. Rc8+ Kb7 30. Rxc2 Rxc2 31. Bxh6 Kc6 32. Rc1 Rxc1+
33. Bxc1 Kd5 34. Kf1 b5 35. Ke2 a5 36. a4 bxa4 37. bxa4 Kc4 38. Bd2 Kb3 39.
Bxa5 Kxa4 40. Ke3 Kxa5 41. Kf4 f6 42. Ke4 Kb4 43. Kd5 Kc3 44. Ke6 f5 45. Kf6
Kd4 46. Kg7 Ke5 47. Kxh7 Kf6 48. Kh6 g5 49. f4 gxf4 50. gxf4 1-0

[Event "III Weekend B"]
[Site "Lesa ITA"]
[Date "2014.09.21"]
[Round "4"]
[White "Frignani, Alessandro"]
[Black "Maffeo, Mauro"]
[WhiteElo "1467"]
[BlackElo "1710"]
[Result "1-0"]
[PlyCount "88"]
[EventDate "2014.09.19"]

1. e4 e6 2. d4 d5 3. e5 c5 4. Nf3 Nc6 5. c3 f6 6. Bb5 Qb6 7. Bxc6+ bxc6 8. Qb3
Qc7 9. Be3 cxd4 10. cxd4 Ba6 11. a3 fxe5 12. Nxe5 Bd6 13. Bf4 Nf6 14. Qc2 Rc8
15. Nd2 Bxe5 16. Bxe5 Qe7 17. b4 O-O 18. f3 Nd7 19. Nb3 Bc4 20. Nc5 Nxe5 21.
dxe5 Rf5 22. Qc3 Re8 23. g3 Qg5 24. f4 Qg4 25. Ra2 Bxa2 26. h3 Bc4 27. hxg4
Rff8 28. Qc2 g6 29. Qa4 Bb5 30. Qxa7 Rf7 31. Nd7 Kg7 32. Rxh7+ Kxh7 33. Nf6+
Kg7 34. Nxe8+ Kg8 35. Nf6+ Kg7 36. Qb8 Rf8 37. Qc7+ Rf7 38. Qc8 Rf8 39. Qxe6
Rf7 40. g5 Ba4 41. Kd2 Bb5 42. f5 gxf5 43. Qxf5 Bc4 44. e6 Ra7 1-0

[Event "III Weekend B"]
[Site "Lesa ITA"]
[Date "2014.09.21"]
[Round "4"]
[White "Gherghel-butan, Maria"]
[Black "Floris, Marco"]
[WhiteElo "1588"]
[BlackElo "1561"]
[Result "1-0"]
[PlyCount "62"]
[EventDate "2014.09.19"]

1. e4 c5 2. Nf3 e6 3. d4 cxd4 4. Nxd4 a6 5. Nc3 g6 6. Be3 Bg7 7. Qd2 Ne7 8.
O-O-O b5 9. a3 Bb7 10. h4 d5 11. exd5 Nxd5 12. Ndxb5 axb5 13. Bxb5+ Nd7 14.
Nxd5 O-O 15. Nb4 Qa5 16. Bd4 e5 17. Bc3 Bxg2 18. Rhg1 Bf3 19. Be2 Bxe2 20. Qxe2
Qc7 21. Nd5 Qb7 22. Qe4 Bh6+ 23. Bd2 Nc5 24. Nf6+ Kg7 25. Bxh6+ Kxh6 26. Ng4+
Kg7 27. Qxe5+ f6 28. Qxc5 Rfc8 29. Qd5 Qc7 30. Qd7+ Qxd7 31. Rxd7+ Kh8 1-0

[Event "III Weekend B"]
[Site "Lesa ITA"]
[Date "2014.09.21"]
[Round "4"]
[White "Gherghel-butan, Mircea"]
[Black "Nai, Giovanni"]
[WhiteElo "1589"]
[BlackElo "1831"]
[Result "1/2-1/2"]
[PlyCount "85"]
[EventDate "2014.09.19"]

1. d4 d5 2. Nf3 Nf6 3. Bf4 e6 4. e3 Bd6 5. Bxd6 Qxd6 6. c3 Nbd7 7. Bd3 c5 8.
O-O O-O 9. Re1 c4 10. Bc2 b5 11. e4 dxe4 12. Bxe4 Nxe4 13. Rxe4 Bb7 14. Re3 Nf6
15. Nbd2 Nd5 16. Re1 Nf4 17. Ne4 Qc7 18. Nc5 Bd5 19. Re3 Rad8 20. g3 Ng6 21.
Ne5 Nxe5 22. Rxe5 Ba8 23. Re3 Qc6 24. f3 Rd5 25. Qe2 Rfd8 26. Rf1 a5 27. Re5
R5d6 28. Qe4 Qc8 29. Qg4 Bd5 30. Ne4 Bxe4 31. fxe4 Qd7 32. Qh5 g6 33. Qg5 Rb8
34. h4 Qd8 35. Qxd8+ Rdxd8 36. Rc5 Rbc8 37. Rxc8 Rxc8 38. a3 Kf8 39. Kf2 Ke7
40. Ke3 f5 41. exf5 gxf5 42. Rf4 Rg8 43. Kf3 1/2-1/2

[Event "III Weekend B"]
[Site "Lesa ITA"]
[Date "2014.09.21"]
[Round "4"]
[White "Modaffari, Giuseppe"]
[Black "Cavagna, Marco"]
[WhiteElo "1600"]
[BlackElo "1520"]
[Result "1-0"]
[PlyCount "53"]
[EventDate "2014.09.19"]

1. e4 c5 2. Nf3 Nc6 3. d4 cxd4 4. Nxd4 d6 5. c4 g6 6. Be3 Bg7 7. Be2 Nf6 8. Nc3
O-O 9. O-O a6 10. Rc1 e5 11. Nb3 Be6 12. f3 Qe7 13. Qd2 Rfd8 14. Nd5 Bxd5 15.
cxd5 Na7 16. Rc2 b5 17. Rfc1 Rdc8 18. Na5 h5 19. Kh1 Kh7 20. Nc6 Nxc6 21. Rxc6
Qd7 22. Qc3 Rxc6 23. Qxc6 Qe8 24. Qxd6 Bf8 25. Qxf6 Rc8 26. Rxc8 Qxc8 27. Qc6
1-0